00613nam a2200193Ii 450000100060000000300090000600800410001502000150005604000330007104100080010408200180011210000280013024500890015826400790024730000120032633600260033833700280036433800270039220873CO-ViMGA241108s9999||||xx |||||||||||||| ||und|| a958902887X aCO-ViMGAbspaerdacCO-ViMGA0 aspa04a607.2072 O17s1 aDiana. Obregón Torres10aSociedades científicas en Colombia :bla invención de una tradición, 1859-1936 1aBogotá, Colombia : Banco de la República. Departamento Editorial, 1992 avolumen atextbtxt2rdacontent aunmediatedbn2rdamedia avolumebnc2rdacarrier